Statistiques concernant Clubs ayant été représentés en finale de coupe du monde

Cliquez ici pour prendre le quiz!

Statistiques générales

  • Ce quiz a été pris 112 fois
  • Le résultat moyen est 46 sur 202

Statistiques - réponses

Nombre de représentationsPaysDernière représentationClub% Correct
8France2018Olympique de Marseille
99%
41
Allemagne
2018
Bayern Munich
97%
18Espagne2018FC Barcelone
96%
33Italie2018Juventus
93%
27Italie2018AC Milan
92%
17Allemagne2014Borussia Dortmund
92%
35Italie2018Inter Milan
92%
17Espagne2018Real Madrid
92%
7France2018Olympique lyonnais
87%
8France2018Paris Saint-Germain
87%
13Pays-Bas2010Ajax Amsterdam
76%
6Angleterre2018Manchester United
75%
7Italie2014SSC Naples
71%
5Angleterre2018Manchester City
70%
18Italie2006AS Rome
68%
9
Angleterre
2014Arsenal
67%
2Pays-Bas2010AZ Alkmaar
67%
8Angleterre2018Chelsea FC
67%
8Angleterre2018Liverpool FC
63%
9France2018AS Monaco
60%
11Italie2014Lazio
59%
10Pays-Bas2010PSV Eindhoven
59%
3Espagne2018Atlético Madrid
58%
1France1994Girondins de Bordeaux
55%
2Espagne2018Séville FC
55%
11Italie2018Fiorentina
52%
16Brésil1994Santos FC
52%
9Allemagne2018Schalke 04
52%
9Allemagne2018Bayer Leverkusen
51%
10Pays-Bas2010Feyenoord Rotterdam
51%
11Argentine1990River Plate
51%
4Angleterre2018Tottenham
51%
3France2006FC Nantes
50%
14Allemagne2010Hambourg SV
49%
12Brésil2002Flamengo
48%
8Tchéquie1962Sparta Prague
47%
6Italie1994Torino FC
46%
7Italie2002Parme Calcio
45%
1Portugal1998FC Porto
43%
11Allemagne2018VfB Stuttgart
43%
18Allemagne1990FC Cologne
42%
18Brésil2002Sao Paulo FC
42%
2Portugal2014Benfica Lisbonne
41%
8Allemagne2018Eintracht Francfort
41%
1Allemagne1954FSV Francfort
41%
5Espagne2010Valence CF
41%
2Espagne2010Athletic Bilbao
40%
2Suède1958Malmö FF
38%
4Italie2006Palerme Calcio
38%
2Italie1990Atalanta
37%
8Hongrie1954Budapest Honved
37%
2Angleterre2010Everton FC
37%
13Hongrie1954MTK Budapest
37%
6Italie2018Sampdoria
37%
9Argentine2014Boca Juniors
36%
2Uruguay1930Montevideo Wanderers
36%
11Tchéquie1962Slavia Prague
35%
11Allemagne2002Werder Brême
35%
4Angleterre1998West Ham United
35%
10Allemagne2014Borussia Mönchengladbach
33%
1Angleterre2006Newcastle United FC
33%
1Portugal2014Sporting Portugal
33%
3Espagne2002Bétis Séville
32%
1France2006RC Lens
32%
1Ecosse2010Celtic
30%
3France1998AJ Auxerre
29%
3Italie1938Genoa CFC
29%
3Belgique1978
RSC Anderlecht
28%
2Angleterre1966Leeds United
28%
1Italie1990SSC Bari
28%
6Italie1966Bologne FC
27%
1Italie1986Hellas Vérone
27%
10Brésil2002Palmeiras
27%
4Italie2006Udinese
26%
6Italie1970Cagliari Calcio
25%
1Croatie2018Dinamo Zagreb
23%
7Brésil2002Corinthians
22%
9Hongrie1954Ferencvaros
21%
10Brésil2002Fluminense
21%
1Angleterre1966Leicester City
21%
1Espagne2010Villareal CF
21%
1France1998FC Metz
20%
1Belgique1974Club Bruges
18%
1Allemagne2002Hertha Berlin
18%
1Angleterre1966Southampton FC
18%
2Espagne1994Deportivo La Corogne
17%
2Allemagne1990FC Nuremberg
17%
3Brésil2002Grêmio
17%
1Allemagne2018Hoffenheim
17%
2Suède1958IFK Göteborg
17%
1Allemagne2014Hanovre 96
16%
1Allemagne2014SC Fribourg
16%
1Italie2014Calcio Catania
15%
8Allemagne2002FC Kaiserslautern
15%
1Pays-Bas1978Sparta Rotterdam
15%
1Angleterre1966Wolverhampton Wanderers
15%
14Brésil1998Botafogo
14%
1Espagne2014Celta Vigo
14%
4Pays-Bas2010FC Twente
14%
3Slovaquie1962Inter Bratislava
14%
1Allemagne1966Munich 1860
14%
3Slovaquie1962Slovan Bratislava
14%
1Pays-Bas2010FC Utrecht
13%
1Turquie2018Besiktas
12%
1Italie1966Brescia Calcio
11%
1Ukraine2018Dynamo Kiev
11%
13Uruguay1950Nacional
11%
14Uruguay1950Peñarol
11%
6Brésil2002Cruzeiro
10%
1Russie2018Lokomotiv Moscou
10%
9Argentine1990Independiente
9%
1Belgique2018KAA Gent
9%
1
Autriche
2018RB Salzbourg
9%
1France1978SC Bastia
9%
1Italie1986US Lecce
9%
1Suède1958AIK
8%
1Angleterre1966Fulham
8%
3Argentine2014Newell's Old Boys
7%
1Tchéquie1962RH Brno
7%
1Angleterre1966Sheffield Wednesday
7%
2Argentine1930CA Lanus
5%
1Mexique2014CF Monterrey
5%
3Allemagne1982Fortuna Düsseldorf
5%
3Brésil2002Atlético Mineiro
4%
3Argentine1978
San Lorenzo
4%
2Brésil1950Internacional
4%
2Allemagne1990MSV Duisbourg
4%
13Brésil1998Vasco da Gama
4%
7Tchéquie1962Dukla Prague
3%
1Pays-Bas1974FC Amsterdam
3%
1Hongrie1954Gyor ETO FC
3%
1Suède1958Helsingborgs IF
3%
3Italie1938US Trieste
3%
1Japon1998Yokohama Flugels
3%
2Argentine1950CA Central
2%
4Argentine1978CA Huracan
2%
1Brésil2002CA Paranaense
2%
1Mexique1986Club America
2%
1Espagne1986Elche CF
2%
3Argentine 1986Estudiantes
2%
4Suède1958IFK Nörrkoping
2%
1France1934SC Nimes
2%
7Hongrie1954Ujpest FC
2%
1Italie2006US Livourne
2%
1Angleterre2006Wigan Athletic
2%
1Tchéquie1962Banik Ostrava
1%
2Angleterre1966Blackpool
1%
1Tchéquie1962Bohemians Prague
1%
4Argentine1978CA Talleres
1%
2Uruguay1950Danubio FC
1%
1Allemagne1954FC Augsburg
1%
1Croatie2018HNK Rijeka
1%
1Allemagne1986KFC Uerdingen
1%
1Colombie1990Millonarios FC
1%
1Suède1958Orebro SK
1%
7Argentine1990Racing Club
1%
1Allemagne1954Rot-Weiss Essen
1%
1Hongrie1938Szeged FC
1%
1Argentine1986Velez Sarsfield
1%
1Italie1994AC Reggiana
0%
1Argentine1930Argentino de Quilmes
0%
2Argentine1986Argentino Juniors
0%
1Colombie1986Atletico Nacional
0%
2Brésil1962Bangu
0%
3Uruguay1930Bella Vista Montevideo
0%
3Uruguay1950CA Cerro
0%
1Italie1958Calcio Padova
0%
1Mexique1990CD Veracruz
0%
1Argentine1930CN Tucuman
0%
1Hongrie1954Csepel SC
0%
1Uruguay1930CS Miramar Misiones
0%
1Suède1958Djurgardens IF
0%
1Hongrie1954Dorogi FC
0%
1Brésil1962EC Sao Bento
0%
1Allemagne1982Eintracht Brunswick
0%
3Argentine1930Estudiantil Porteno
0%
2Argentine1990Ferro
0%
1Allemagne1954FK 03 Pirmasens
0%
1Tchéquie1934FK Teplice
0%
1Argentine1930Gimnasia de la Plata
0%
2Allemagne1954Greuther Furth
0%
1Suède1958IF Elfsborg
0%
1Japon1998Jubilo Iwata
0%
1Allemagne1954KSV Hessen Kassel
0%
1Italie1938Lucchese 1905
0%
1Suède1958Motala AIF FK
0%
1Suède1958Norrby IF
0%
1Uruguay1930Olimpia Montevideo
0%
2Suède1958Orgyte IS
0%
3Brésil1970Portuguesa
0%
1Uruguay1930Racing Club Montevideo
0%
2Uruguay1950Rampla Juniors FC
0%
2Pays-Bas1978Roda JC
0%
1Belgique1978RWD Molenbeek
0%
1Hongrie1954Salgotarjani BTC
0%
1Tchéquie1962SK Kladno
0%
1Slovaquie1962Spartak Trnava
0%
1Argentine1930Sportivo Barracas
0%
1Argentine1930Sportivo Buenos Aires
0%
1Slovaquie1962Tatran Presov
0%
1Italie1990US Cremonese
0%
1Hongrie1954Vasas SC
0%

Distribution des résultats

Percentile par nombre de réponses

% des personnes avec chaque résultat

Votre développement - résultats

Vous n’avez pas pris ce quiz